LEADER 00928nam a2200217 4500 001 000000353705 003 CaOOAMICUS 005 20240606095140.0 008 230510s2023 it 000 u ita r 020 $a978-88-04-76483-0 040 $aSeMil$bita 245 10$a1: Libri 1.4. 264 1$a[Milano] :$bFondazione Lorenzo Valla :$bMondadori,$c2023. 300 $aCLXXXIV, 413 p. ;$c21 cm 773 0 $aHeliodorus : Emesenus $tEtiopiche.$d[Milano] : Fondazione Lorenzo Valla : Mondadori, 2023-$kScrittori greci e latini$g1$w()353703 850 $aSeMil 852 $aSeMil$W1$xVenegono$y1$m1ZA A 81/1$j240180$B244916$CSeMilBibl$Z2$F244916 $81 996 $6020$a978-88-04-76483-0$9(OLS)http://semarc/number/298100 996 $6245$a1: Libri 1.4.$9(OLS)http://semarc/title/443809 996 $6264$a[Milano] :$bFondazione Lorenzo Valla :$bMondadori$9(OLS)http://semarc/publisher/58097 LEADER 01122nam a2200289 4500 001 000000360750 003 CaOOAMICUS 005 20250121144155.0 008 241118s2021 it 000 u ita r 020 $a978-88-8155-914-5 040 $aSeMil$bita 100 1 $aEscrivá de Balaguer, Josemaría,$c.$0(OLS)http://semarc/name/90553 240 10$aCamino.$0(OLS)http://semarc/title/185326 245 10$aCammino /$cJosemaría Escrivá. 250 $a62. ed. 264 1$aMilano :$bAres,$c2021. 300 $a366 p. ;$c12x9 cm 541 0 $aOmaggio mons. Mario Delpini (5D VI 1/1) 650 4$aEscrivá de Balaguer, Josemaría - Opere.$0(OLS)http://semarc/subject/12578 850 $aSeMil 852 $aSeMil$W1$xVenegono$y1$m5D VI 1/1$j253972$B251757$CSeMilBibl$Z2$F251757 $81 941 1 $a7 961 $aOmaggio mons. Mario Delpini 996 $6020$a978-88-8155-914-5$9(OLS)http://semarc/number/301805 996 $6245$aCammino$9(OLS)http://semarc/title/102016 996 $6264$aMilano :$bAres$9(OLS)http://semarc/publisher/30250 LEADER 00569nab a2200145 i 4500 001 000000309673 003 CaOOAMICUS 005 20180831172959.0 008 180831n xx uu u0 0und r 013 $a18766 040 $aSeMil$bita 100 1 $aNina, Lorenzo.$0(OLS)http://semarc/name/88195 245 12$aI bisogni della S. Sede e il Denaro di S. Pietro. (Lettera a Mons. Forcade, Arc. di Aix) 773 0 $t[Luglio-Dicembre].$g483-486$w()273968 996 $6245$aI bisogni della S. Sede e il Denaro di S. Pietro. (Lettera a Mons. Forcade, Arc. di Aix)$9(OLS)http://semarc/title/384681